000
00323nam a2200133Ia 4500
005
20251222143140.0
008
251222s9999||||xx |||||||||||||| ||spa||
020
_a
9505573049
082
_a
371.102/E28
100
_a
Eggen, Paul
245
0
_a
Estrategias Docentes:
264
_b
Fondo de Cultura Económica
942
_c
LIB
999
_c
12278
_d
12278